| 000 | 00760cam a22002532 4500 | ||
|---|---|---|---|
| 999 |
_c8069 _d8069 |
||
| 001 | 8069 | ||
| 003 | BD - JhCC | ||
| 005 | 20180218110513.0 | ||
| 008 | 731001s1960 ru a 000 0 eng | ||
| 035 | _a(BD - JhCC)8069 | ||
| 040 |
_aDLC _cDLC _dEQO _dBD - JhCC |
||
| 041 | 1 | _aengrus | |
| 050 | 0 |
_aTS225 _b.K3213 |
|
| 082 |
_a671.3/3 _bKAM 1960 |
||
| 100 | 1 | _aKamenshchikov, G. G. | |
| 240 | 1 | 0 | _aKuznechnoe proizvodstovo. |
| 245 | 1 | 0 |
_aForging practice / _c[by] G. Kamenshchikov [and others. Translated from the Russian by L. Zelikov]. |
| 260 |
_aMoscow : _bForeign Languages Pub. House, _c[1960?] |
||
| 300 |
_a412 p. _billus. _c23 cm. |
||
| 500 | _aTranslation of Kuznechnoe proizvodstovo. | ||
| 650 | 0 | _aForging. | |
| 942 |
_2ddc _cBK |
||